[Event "CSR-ch"]
[Site "Brno"]
[Date "1990.??.??"]
[Round "15"]
[White "Bakalar, Petr"]
[Black "Mrva, Martin"]
[Result "1-0"]
[WhiteElo "2325"]
[BlackElo "2340"]

1.d4 Nf6 2.Nf3 g6 3.c4 Bg7 4.Nc3 O-O 5.e4 d6 6.Be2 e5 7.dxe5 dxe5 8.Qxd8 Rxd8
9.Bg5 Re8 10.Nd5 Nxd5 11.cxd5 c6 12.Bc4 cxd5 13.Bxd5 Nd7 14.Nd2 h6 15.Be3 Nf6
16.Bb3 Be6 17.Bxe6 Rxe6 18.Rc1 Ng4 19.Rc7 Rd8 20.Ke2 Bf8 21.Rhc1 Nxe3 22.fxe3 Rb6
23.Nc4 Rb4 24.b3 Re8 25.Rd1 Re6 26.Rd8 Kg7 27.Rdd7 Ra6 28.Rxf7+ Kg8 29.Nxe5 Rxe4
30.Rc8  1-0

[Event "Brocco op"]
[Site "Brocco"]
[Date "1990.??.??"]
[Round "4"]
[White "Groszpeter, Attila"]
[Black "Gallagher, Joseph G"]
[Result "0-1"]
[WhiteElo "2555"]
[BlackElo "2495"]

1.d4 Nf6 2.c4 g6 3.Nc3 Bg7 4.e4 d6 5.Nf3 O-O 6.Be2 e5 7.Be3 Na6 8.O-O Ng4
9.Bg5 Qe8 10.h3 h6 11.Bh4 Nf6 12.Re1 exd4 13.Nxd4 g5 14.Bg3 Nxe4 15.Bd3 Nxc3
16.bxc3 Qd8 17.Bc2 Nc5 18.f3 a6 19.Qd2 Qf6 20.Bf2 Bd7 21.Rab1 b6 22.Ne2 Ne6
23.Qd3 Qg6 24.Qxg6 fxg6 25.Bxg6 Rad8 26.Be4 Rde8 27.Bb7 a5 28.Nd4 Nf4 29.Rxe8 Rxe8
30.Kf1 Bxd4 31.cxd4 Bf5 32.Rb2 Bd3+ 33.Kg1 Bxc4 34.a4 d5 35.Kh2 Nd3 36.Rc2 Nb4
37.Rd2 Rb8  0-1

[Event "Spring op"]
[Site "Budapest"]
[Date "1990.??.??"]
[Round "2"]
[White "Loginov, Valery A"]
[Black "Bellia, Fabrizio"]
[Result "1/2-1/2"]
[WhiteElo "2505"]
[BlackElo "2320"]

1.Nf3 Nf6 2.c4 g6 3.Nc3 Bg7 4.e4 d6 5.d4 O-O 6.Be2 e5 7.d5 a5 8.Be3 Na6 9.Nd2 Bd7
10.O-O Ne8 11.Qc2 f5 12.exf5 gxf5 13.f4 e4 14.Nb3 c5 15.dxc6 bxc6 16.Qd2 c5
17.Rab1 a4 18.Na1 Nac7 19.Nc2 Be6 20.Rfd1 Qe7 21.Na3 Ra6 22.Qc2 Bd7 23.Nab5 Ne6
24.Rd2 Qd8 25.Qd1 Qb8 26.Nxa4 Bd4 27.Bxd4 cxd4 28.Bf1 d3 29.Nac3 Nxf4 30.Qe1 d5
31.b3 Rg6 32.Qe3 Bxb5 33.Nxb5 Qb6 34.Qxb6 Rxb6 35.g3 dxc4 36.bxc4 Ne6 37.Bxd3 exd3
38.Rxd3 Nf6 39.Rf1 Ne4 40.Rd5 Ng7 41.Nd4 Ra6 42.c5 Rxa2 43.c6 Rc8 44.Rc1 Nf6
45.Rb5 Ra7 46.Nxf5 Nxf5 47.Rxf5 Ne8 48.Rc2 Rac7 49.Rfc5 Ng7 50.Kg2 Ne6 51.R5c4 Nd8
52.Rd2 Nf7 53.Rdc2 Ne5 54.Re4 Rxc6 55.Rxc6 Nxc6 56.h4 Rd8 57.Kh3 Rd7 58.Re3 Kf7
59.g4 Re7 60.Rf3+ Kg7 61.g5 Ne5 62.Rb3 Rd7 63.h5 Nc6 64.Rb6 Nd4 65.Kg4 Re7
66.h6+ Kf7 67.Rf6+ Kg8 68.g6 hxg6 69.Rxg6+  1/2-1/2

[Event "Budapest IM-A"]
[Site "Budapest"]
[Date "1990.??.??"]
[Round "2"]
[White "Pogorelov, Ruslan"]
[Black "Gueldner, Kurt"]
[Result "1-0"]
[WhiteElo "2415"]
[BlackElo "2290"]

1.Nf3 Nf6 2.c4 g6 3.Nc3 Bg7 4.e4 d6 5.d4 O-O 6.Be2 e5 7.d5 a5 8.Be3 Ng4 9.Bg5 f6
10.Bh4 Na6 11.Nd2 Nh6 12.a3 Bd7 13.Rb1 Nc5 14.b4 axb4 15.axb4 Na4 16.Nxa4 Rxa4
17.c5 Ra8 18.f3 Nf7 19.O-O Bh6 20.Nc4 Bb5 21.Na5 Bxe2 22.Qxe2 Rb8 23.Ra1 Bg5
24.Bf2 Qd7 25.Nxb7 f5 26.c6 Qe7 27.b5 h5 28.Ra7 Nh6 29.b6 cxb6 30.Bxb6 fxe4
31.Qxe4 Nf5 32.c7 Rbc8 33.Nd8 Rf6 34.Nc6 Qd7 35.Rb7 Qe8 36.Rb8 Rf8 37.Ra1 Kg7
38.Raa8 Qd7 39.Qd3 Ne7 40.Nxe7 Bxe7 41.Rxc8 Rxc8 42.Rxc8 Qxc8 43.Qc4 Kf7  1-0

[Event "Budapest IM-B"]
[Site "Budapest"]
[Date "1990.??.??"]
[Round "2"]
[White "Effert, Kai"]
[Black "Popovic, Mladen"]
[Result "1/2-1/2"]
[WhiteElo "2320"]
[BlackElo "2275"]

1.d4 Nf6 2.c4 g6 3.Nc3 Bg7 4.e4 d6 5.Nf3 O-O 6.Be2 e5 7.d5 a5 8.Bg5 h6 9.Bh4 Nbd7
10.Nd2 Nc5 11.f3 Bd7 12.b3 Qc8 13.O-O Nh5 14.Re1 Nf4 15.Qc2 Bh3 16.Bf1 Bd7
17.Bf2 b6 18.Be3 g5 19.a3 Nb7 20.b4 g4 21.g3 Ng6 22.Bg2 h5 23.Rf1 axb4 24.axb4 Rxa1
25.Rxa1 f5 26.exf5 Bxf5 27.Nde4 gxf3 28.Bxf3 h4 29.Qe2 Bh3 30.Bg2 Bg4 31.Qd3 hxg3
32.hxg3 Bf3 33.Rf1 Qg4 34.Bxf3 Rxf3 35.Rxf3 Qxf3 36.Qe2 Qxe2 37.Nxe2 Kf8
38.Kg2 Ne7 39.Kf3 b5 40.Bg5 bxc4 41.Bxe7+ Kxe7 42.Nd2 Kd7 43.Nxc4 c6 44.Ke4 cxd5+
45.Kxd5 Bf8 46.Nc3 Nd8 47.b5 Ne6 48.b6 Nc5 49.Nb5 Nb7 50.Ne3 Be7 51.Nc4 Bd8
52.g4 Be7 53.Na7 Bg5 54.Nb5 Be7 55.Na7 Bg5 56.Nc6 Bh4 57.Nd2 Bf2  1/2-1/2

[Event "Spring op"]
[Site "Budapest"]
[Date "1990.??.??"]
[Round "3"]
[White "Arbakov, Valentin"]
[Black "Fabriano, G."]
[Result "1-0"]
[WhiteElo "2415"]
[BlackElo "2275"]

1.c4 Nf6 2.Nc3 g6 3.e4 d6 4.d4 Bg7 5.Nf3 O-O 6.Be2 e5 7.d5 Na6 8.Bg5 h6 9.Bh4 g5
10.Bg3 Nh5 11.Nd2 Nf4 12.O-O f5 13.exf5 Bxf5 14.Nde4 Qd7 15.a3 Nc5 16.Nxc5 dxc5
17.f3 b6 18.Re1 e4 19.Bxf4 Bd4+ 20.Kh1 exf3 21.Bxf3 gxf4 22.Be4 Rae8 23.Qd3 Be3
24.Bxf5 Rxf5 25.Re2 Qf7 26.Rf1 f3 27.gxf3 Rxf3 28.Rg2+ Kh8 29.Rxf3 Qxf3 30.Qe2 Rf8
31.Qxf3 Rxf3 32.Re2 Bf4 33.Re7 Rf2 34.Ne4 Rxh2+ 35.Kg1 Kg8 36.b4 Kf8 37.Re6 Ra2
38.Rf6+ Ke7 39.Rxf4 Rxa3 40.bxc5 a5 41.d6+ cxd6 42.cxd6+ Kd7 43.Rf7+ Ke8
44.d7+  1-0

[Event "Spring op"]
[Site "Budapest"]
[Date "1990.??.??"]
[Round "4"]
[White "Gostisa, Leon"]
[Black "Werner, Dimo"]
[Result "1-0"]
[WhiteElo "2370"]
[BlackElo "2350"]

1.d4 Nf6 2.c4 g6 3.Nc3 Bg7 4.e4 d6 5.Nf3 O-O 6.Be2 Nbd7 7.O-O e5 8.Re1 c6
9.Bf1 Qe7 10.Rb1 h6 11.b3 Nh7 12.Be3 Ng5 13.Nxg5 hxg5 14.d5 c5 15.g4 f6 16.Qd2 Rf7
17.a3 Nf8 18.f3 Nh7 19.b4 b6 20.bxc5 bxc5 21.Rb3 f5 22.Be2 fxg4 23.fxg4 Rf4
24.Reb1 Nf6 25.Bxf4 exf4 26.e5 Qxe5 27.Rb8 Ne4 28.Nxe4 Qxe4 29.h3 Bd4+ 30.Kh2 f3
31.Bxf3 Qxf3 32.Rxa8 Be5+ 33.Kg1 Bd4+ 34.Qxd4 Qg3+ 35.Kf1  1-0

[Event "Spring op"]
[Site "Budapest"]
[Date "1990.??.??"]
[Round "4"]
[White "Petrosian, Karen"]
[Black "Malisauskas, Vidmantas"]
[Result "0-1"]
[WhiteElo "2340"]
[BlackElo "2500"]

1.Nf3 Nf6 2.c4 g6 3.Nc3 Bg7 4.e4 d6 5.d4 O-O 6.Be2 e5 7.d5 a5 8.Bg5 h6 9.Bh4 Na6
10.O-O Nc5 11.Nd2 Bd7 12.Nb3 Na4 13.Nxa4 Bxa4 14.f3 Qe8 15.Qd2 g5 16.Bf2 b6
17.g4 Nh7 18.Nc1 Qe7 19.Bd1 Bd7 20.Ne2 Rfc8 21.Nc3 Qe8 22.b3 Nf8 23.a3 Ng6
24.Ne2 Nf4 25.Nxf4 exf4 26.Rb1 h5 27.h3 Be5 28.Kg2 Kg7 29.Be2 Qe7 30.b4 axb4
31.axb4 Qf6 32.c5 hxg4 33.hxg4 bxc5 34.bxc5 Ra3 35.Qb4 Rca8 36.Rb3 Ra2 37.Qe1 dxc5
38.Bxc5 Rh8 39.Rh1 Qa6 40.Bf2 Rxe2 41.Qf1 Rxh1 42.Kxh1 Qa2 43.Bc5 Rh2+ 44.Kg1 Rc2  0-1

[Event "Spring op"]
[Site "Budapest"]
[Date "1990.??.??"]
[Round "4"]
[White "Kiselev, Sergey"]
[Black "Bellia, Fabrizio"]
[Result "1/2-1/2"]
[WhiteElo "2450"]
[BlackElo "2320"]

1.d4 Nf6 2.Nf3 g6 3.c4 Bg7 4.Nc3 O-O 5.e4 d6 6.Be2 e5 7.Be3 c6 8.O-O exd4
9.Nxd4 Re8 10.f3 d5 11.cxd5 Nxd5 12.Nxd5 cxd5 13.Qb3 Nc6 14.Rad1 Nxd4 15.Bxd4 Bxd4+
16.Rxd4 Qf6 17.Rd2 Qf4 18.Qxd5 Be6 19.Qd4 Rad8 20.Qxd8 Rxd8 21.Rxd8+ Kg7
22.b3 Qe3+ 23.Rf2 Qc5 24.Bf1 b5 25.Rd2 a5 26.f4 a4 27.Rc2 Qd4 28.bxa4 bxa4
29.e5 h5 30.h4 Qe3 31.Kh2 Qd4 32.g3 Kf8 33.Rfd2 Qe3 34.Bg2 Kg7 35.Rd8 a3
36.Rc6 Bf5 37.Rc4 Qb6 38.Ra8 Qb2 39.Rca4 Bd7 40.R4a6 Bf5 41.Ra4  1/2-1/2

[Event "Budapest Herbstlich"]
[Site "Budapest"]
[Date "1990.??.??"]
[Round "5"]
[White "Gschnitzer, Oswald"]
[Black "Tosic, Miroslav"]
[Result "1-0"]
[WhiteElo "2440"]
[BlackElo "2450"]

1.Nf3 Nf6 2.c4 g6 3.Nc3 Bg7 4.e4 d6 5.d4 O-O 6.Be2 e5 7.Be3 Na6 8.O-O exd4
9.Nxd4 Re8 10.f3 c6 11.Nc2 Nc7 12.Qe1 d5 13.Qf2 b6 14.Rad1 Bb7 15.Rfe1 Qc8
16.exd5 cxd5 17.c5 Nd7 18.cxb6 Nxb6 19.Bd4 Ne6 20.Bxg7 Kxg7 21.Nd4 Nf4 22.Ndb5 Nxe2+
23.Nxe2 Qd8 24.Rc1 Re7 25.Ned4 Nc4 26.Rxe7 Qxe7 27.b3 a6 28.Re1 Qb4 29.Nc7 Nb2
30.Nf5+ gxf5 31.Qxb2+ Kg8 32.Qe5 Rc8 33.Ne8 Qb6+ 34.Kh1 Qg6 35.Nf6+ Kf8 36.Nxd5 Bxd5
37.Qxd5 Qe6 38.Qd2 Rc2 39.Qb4+ Kg7 40.Rxe6  1-0

[Event "Elekes mem"]
[Site "Budapest"]
[Date "1990.??.??"]
[Round "6"]
[White "Lukacs, Peter"]
[Black "Werner, Dimo"]
[Result "1/2-1/2"]
[WhiteElo "2505"]
[BlackElo "2350"]

1.d4 Nf6 2.c4 d6 3.Nf3 Nbd7 4.Nc3 e5 5.e4 g6 6.Be2 Bg7 7.O-O O-O 8.Qc2 c6
9.Rd1 Qe7 10.d5 c5 11.a3 Ne8 12.b4 f5 13.Bg5 Bf6 14.Bd2 Ng7 15.Rab1 h5 16.h3 f4
17.Ne1 Bh4 18.Nd3 g5 19.Nb5 a6 20.Nc7 Ra7 21.bxc5 Nxc5 22.Nxc5 Qxc7 23.Nd3 b6
24.Qb3 Rb7  1/2-1/2

[Event "Utasellato IM-A"]
[Site "Budapest"]
[Date "1990.??.??"]
[Round "6"]
[White "Orso, Miklos"]
[Black "Gocheva, Rumiana B"]
[Result "1/2-1/2"]
[WhiteElo "2390"]
[BlackElo "2210"]

1.d4 Nf6 2.c4 g6 3.Nc3 Bg7 4.e4 d6 5.Be2 O-O 6.Nf3 e5 7.O-O Na6 8.Re1 c6
9.Bf1 Bg4 10.dxe5 Bxf3 11.Qxf3 dxe5 12.Rb1 Nb4 13.Qe2 a5 14.Be3 Qe7 15.f3 Nd7
16.Qf2 Na6 17.Na4 Nc7 18.Nc5 Ne6 19.Nxe6 Qxe6 20.Rbd1 Rfc8 21.Rd2 Bf8 22.Red1 Rc7
23.g3 Bb4 24.Rc2 b6 25.Bg2 Bc5 26.f4 Qe7 27.f5 g5 28.Kh1 f6 29.h4 gxh4 30.gxh4 Kh8
31.Qe2 Bxe3 32.Qxe3 Nc5 33.Rcd2 Rg8 34.Bf3 Rcc8  1/2-1/2

[Event "Spring op"]
[Site "Budapest"]
[Date "1990.??.??"]
[Round "6"]
[White "Marin, Mihail"]
[Black "Hait, Alexander"]
[Result "0-1"]
[WhiteElo "2480"]
[BlackElo "2340"]

1.d4 Nf6 2.c4 g6 3.Nc3 Bg7 4.e4 d6 5.Nf3 O-O 6.Be2 e5 7.Be3 Qe7 8.dxe5 dxe5
9.Nd5 Qd8 10.Bc5 Nxe4 11.Bxf8 Bxf8 12.Qc2 Nc5 13.Nxe5 Bf5 14.Qc3 c6 15.g4 Ne4
16.Qb3 cxd5 17.Qxb7 Nd7 18.Nc6 Qg5 19.Qxa8 Qd2+ 20.Kf1 Bxg4 21.Ne7+ Kg7  0-1

[Event "Spring op"]
[Site "Budapest"]
[Date "1990.??.??"]
[Round "7"]
[White "Veingold, Aleksandr"]
[Black "Rosenthal, Dirk"]
[Result "1-0"]
[WhiteElo "2435"]
[BlackElo "2305"]

1.d4 Nf6 2.Nf3 g6 3.c4 Bg7 4.Nc3 O-O 5.e4 d6 6.Be2 e5 7.O-O Nbd7 8.Be3 Ng4
9.Bg5 f6 10.Bc1 Nh6 11.Qc2 Nf7 12.Be3 Bh6 13.Bxh6 Nxh6 14.Rad1 Nf7 15.Rd3 a5
16.Rfd1 c6 17.Ne1 h5 18.Na4 exd4 19.Rxd4 Qe7 20.f4 Kg7 21.Bf3 Rh8 22.Qf2 g5
23.g3 Rb8 24.Ng2 Nf8 25.R4d3 Ng6 26.c5 dxc5 27.Nxc5 Bh3 28.Ne3 gxf4 29.Nf5+ Bxf5
30.exf5 fxg3 31.hxg3 Nf8 32.Kg2 Ne5 33.Rd6 Re8 34.Ne6+ Nxe6 35.fxe6 Rd8 36.Qc5 Rxd6
37.Rxd6 Kg8 38.Qd4 Kg7 39.Be4 h4 40.Bf5 hxg3 41.Kxg3 Rh5 42.Bh3 Rg5+ 43.Kf2 Rh5
44.Kg3 Kh6 45.Qd2+ Rg5+ 46.Kf4 Qc7 47.Ke4 Nc4  1-0

[Event "Utasellato IM-A"]
[Site "Budapest"]
[Date "1990.??.??"]
[Round "9"]
[White "Sinkovics, Peter"]
[Black "Dezan, Pierre"]
[Result "1-0"]
[WhiteElo "2360"]
[BlackElo "2225"]

1.d4 Nf6 2.Nf3 g6 3.c4 Bg7 4.Nc3 O-O 5.e4 d6 6.Be2 e5 7.O-O Qe8 8.d5 Nh5
9.b4 a5 10.Nb5 Na6 11.c5 Qe7 12.cxd6 cxd6 13.a3 Nf4 14.Be3 axb4 15.axb4 Nxe2+
16.Qxe2 Bg4 17.Rab1 f5 18.Nc3 Rac8 19.Rfc1 Rxc3 20.Rxc3 fxe4 21.Qc4 b5 22.Qxb5 exf3
23.Qxa6 e4 24.Rc6 fxg2 25.Qa7 Qh4 26.Bd4 Bh6 27.Rc7 Rf6 28.Bxf6 Qxf6 29.Qa8+ Bf8
30.Rc8 Bxc8 31.Qxc8 Qd4 32.Qe6+ Kg7 33.Rc1 Qd3 34.Kxg2 Qf3+ 35.Kg1 Kh6 36.Re1  1-0

[Event "Spring op"]
[Site "Budapest"]
[Date "1990.??.??"]
[Round "9"]
[White "Varga, Peter"]
[Black "Petrosian, Karen"]
[Result "1/2-1/2"]
[WhiteElo "2250"]
[BlackElo "2340"]

1.d4 Nf6 2.c4 g6 3.Nc3 Bg7 4.e4 d6 5.Nf3 O-O 6.Be2 Nbd7 7.O-O e5 8.Qc2 c6
9.Rd1 Qe7 10.Be3 Ng4 11.Bg5 f6 12.Bh4 Nh6 13.Rab1 Rf7 14.b4 a5 15.a3 axb4
16.axb4 g5 17.Bg3 f5 18.exf5 g4 19.f6 Bxf6 20.dxe5 dxe5 21.Nd2 Nf8 22.Nde4  1/2-1/2

[Event "Budapest Herbstlich"]
[Site "Budapest"]
[Date "1990.??.??"]
[Round "9"]
[White "Miljanic, Boro"]
[Black "Zakic, Srdjan"]
[Result "1/2-1/2"]
[WhiteElo "2380"]
[BlackElo "2425"]

1.Nf3 Nf6 2.c4 g6 3.d4 Bg7 4.Nc3 O-O 5.e4 d6 6.Be2 e5 7.dxe5 dxe5 8.Qxd8 Rxd8
9.Bg5 Re8 10.Nd5 Nxd5 11.cxd5 c6 12.Bc4 cxd5 13.Bxd5  1/2-1/2

[Event "Elekes mem"]
[Site "Budapest"]
[Date "1990.??.??"]
[Round "10"]
[White "Roeder, Mathias"]
[Black "Stangl, Markus"]
[Result "1-0"]
[WhiteElo "2450"]
[BlackElo "2405"]

1.d4 Nf6 2.c4 g6 3.Nc3 Bg7 4.e4 d6 5.Be2 O-O 6.Nf3 e5 7.O-O Na6 8.b3 Re8
9.d5 Nc5 10.Qc2 a5 11.Bg5 h6 12.Bh4 g5 13.Bg3 Nfxe4 14.Nxe4 Nxe4 15.Qxe4 f5
16.Qe3 e4 17.Nd4 f4 18.Qd2 fxg3 19.fxg3 Qe7 20.Bh5 Qe5 21.Bf7+ Kh8 22.Rad1 Re7
23.Be6 Qxd4+ 24.Qxd4 Bxd4+ 25.Rxd4 Bxe6 26.Rxe4 Rae8 27.dxe6 Kg7 28.Rfe1 Kf6
29.Rf1+ Kg7 30.Rfe1 Rf8 31.g4 Rf6 32.R1e3 Kg8 33.g3 Kf8 34.h4 b6 35.Kg2 Ke8
36.a3 Rg7 37.b4 axb4 38.axb4 Ke7 39.c5 Rg8 40.cxd6+ cxd6 41.Rc4 Rxe6 42.Rc7+ Kd8
43.Rxe6 Kxc7 44.Kf3 gxh4 45.gxh4 Rf8+ 46.Ke4 Rh8 47.b5 Rg8 48.Kf5 Rh8 49.Re7+ Kd8
50.Rb7 Rf8+ 51.Kg6 Rf4 52.Kh5 d5 53.Rxb6 d4 54.Rxh6 Kd7 55.Ra6 d3 56.Ra2 Rb4
57.Rd2 Rxb5+ 58.g5 Rd5 59.Kh6 Ke7 60.g6 Kf8 61.Ra2 d2 62.g7+ Kf7 63.Ra7+ Kf6
64.Ra1 Rd8 65.Rf1+ Ke5 66.Kh7 Rd7 67.h5 Rf7 68.Rd1 Kf6 69.h6  1-0

[Event "Budapest IM-B"]
[Site "Budapest"]
[Date "1990.??.??"]
[Round "12"]
[White "Effert, Kai"]
[Black "Kahn, Evarth"]
[Result "1-0"]
[WhiteElo "2320"]
[BlackElo "2240"]

1.d4 Nf6 2.c4 g6 3.Nc3 Bg7 4.e4 d6 5.Nf3 O-O 6.Be2 e5 7.d5 Nbd7 8.Bg5 h6
9.Bh4 g5 10.Bg3 Nh5 11.h4 g4 12.Nh2 Nxg3 13.fxg3 h5 14.O-O a5 15.Rf5 Nf6
16.Rf2 Bh6 17.Nf1 Nd7 18.Bd3 Nc5 19.Bc2 f5 20.exf5 Rf6 21.Qe2 Qf8 22.Ne3 Bd7
23.Ne4 Nxe4 24.Bxe4 Qg7 25.Raf1 Raf8 26.Nd1 Qh7 27.Nc3 Bxf5 28.Rxf5 Rxf5
29.Rxf5 Rxf5 30.Qd3 Bg7 31.Bxf5 Qh6 32.Be6+  1-0

[Event "Buenos Aires op"]
[Site "Buenos Aires"]
[Date "1990.??.??"]
[Round "1"]
[White "Lida, Fidel Ernesto"]
[Black "Sorin, Ariel"]
[Result "0-1"]
[WhiteElo "2325"]
[BlackElo "2430"]

1.d4 Nf6 2.c4 g6 3.Nf3 Bg7 4.Nc3 O-O 5.e4 d6 6.Be2 e5 7.O-O Nbd7 8.d5 Nc5
9.Qc2 a5 10.Bg5 h6 11.Bh4 g5 12.Bg3 Nh5 13.Nd2 Nf4 14.Rfe1 f5 15.exf5 Bxf5
16.Nde4 Qe8 17.f3 Qg6 18.Bf1 Rf7 19.b3 Raf8 20.a3 g4 21.fxg4 Qxg4 22.b4 axb4
23.axb4 Nxe4 24.Nxe4 h5 25.Be2 Bxe4  0-1

[Event "Buenos Aires op"]
[Site "Buenos Aires"]
[Date "1990.??.??"]
[Round "3"]
[White "Casafus, Ruben"]
[Black "Sorin, Ariel"]
[Result "0-1"]
[WhiteElo "2375"]
[BlackElo "2430"]

1.d4 Nf6 2.Nf3 g6 3.c4 Bg7 4.Nc3 O-O 5.e4 d6 6.Be2 Nbd7 7.O-O e5 8.Be3 c6
9.Qc2 exd4 10.Nxd4 Re8 11.Rfe1 Nc5 12.f3 a5 13.Rad1 Nfd7 14.Bf1 a4 15.Nde2 Qe7
16.Qd2 Bf8 17.Bg5 f6 18.Bh4 Ne5 19.Nd4 Qf7 20.b3 axb3 21.axb3 Ne6 22.Nc2 Nc5
23.Nd4 Ne6 24.Nxe6 Bxe6 25.f4 Nd7 26.Bf2 b6 27.Qc2 f5 28.Nd5 Nc5 29.Nxb6 Rab8
30.Bxc5 dxc5 31.Na4 fxe4 32.g3 Bg4 33.Be2 Bf5 34.g4 Bc8 35.Rf1 Bg7 36.Kh1 Bd4
37.f5 gxf5 38.gxf5 Bxf5 39.Bg4 Re5  0-1

[Event "Buenos Aires FMDA"]
[Site "Buenos Aires"]
[Date "1990.??.??"]
[Round "6"]
[White "Llanos, Guillermo"]
[Black "Schweber, Samuel"]
[Result "0-1"]
[WhiteElo "2380"]
[BlackElo "2375"]

1.d4 Nf6 2.c4 d6 3.Nc3 g6 4.e4 Bg7 5.Nf3 O-O 6.Be2 Nbd7 7.O-O e5 8.Be3 Ng4
9.Bg5 f6 10.Bc1 Nh6 11.dxe5 fxe5 12.Bg5 Nf6 13.c5 Nf7 14.cxd6 cxd6 15.Qb3 h6
16.Be3 Qe7 17.Bc4 Kh7 18.h3 Nd8 19.Rfd1 Nc6 20.Qa3 Ne8 21.Nd5 Qd8 22.Nb6 Rb8
23.Nxc8 Rxc8 24.Bd5 Qd7 25.Rac1 Rxf3 26.gxf3 Qxh3 27.Bxc6 bxc6 28.Qa6 Rc7
29.Qe2 Rf7 30.Qf1 Qxf3 31.Qg2 Qe2 32.Rd2 Qa6 33.a3 c5 34.Qh3 Qb7 35.f3 h5
36.Rg2 Qb3 37.Re1 Nc7 38.Qg3 Qe6 39.f4 exf4 40.Bxf4 Nb5 41.Kh1 Nd4 42.Reg1 Rxf4
43.Qxf4 Qh3+ 44.Rh2 Qf3+ 45.Qxf3 Nxf3 46.Re2 Nxg1 47.Kxg1 a5 48.b3 Bd4+ 49.Kg2 g5
50.Rc2 g4 51.Rc4 Be5 52.b4 cxb4 53.axb4 axb4 54.Rxb4 h4 55.Ra4 h3+ 56.Kh1 g3
57.Rc4 Kg6 58.Ra4 Kf6 59.Kg1 Ke6 60.Rb4 Bf4 61.Rb3 Ke5  0-1

[Event "POL-chT"]
[Site "Bydgoszcz"]
[Date "1990.??.??"]
[Round "?"]
[White "Dyballa, Markus"]
[Black "Maciejewski, Miroslaw"]
[Result "1-0"]
[WhiteElo "2260"]
[BlackElo "2355"]

1.d4 Nf6 2.c4 g6 3.Nc3 Bg7 4.e4 d6 5.Nf3 O-O 6.Be2 e5 7.dxe5 dxe5 8.Qxd8 Rxd8
9.Bg5 Nbd7 10.Rd1 Rf8 11.Nd5 c6 12.Ne7+ Kh8 13.Rd6 h6 14.Be3 Re8 15.Nxc8 Raxc8
16.O-O Bf8 17.Rd2 Ng4  1-0

[Event "Cannes op"]
[Site "Cannes"]
[Date "1990.??.??"]
[Round "1"]
[White "Marchand, Francois"]
[Black "Schlosser, Michael"]
[Result "0-1"]
[WhiteElo "2060"]
[BlackElo "2340"]

1.d4 Nf6 2.c4 g6 3.Nc3 Bg7 4.e4 d6 5.Nf3 O-O 6.Be2 Nbd7 7.O-O e5 8.Qc2 c6
9.Rd1 Qe7 10.Be3 exd4 11.Nxd4 Re8 12.f3 d5 13.cxd5 cxd5 14.Bg5 dxe4 15.Nxe4 Qe5
16.Nxf6+ Nxf6 17.Bh4 Nd5 18.Bg3 Nf4 19.Bb5 Rd8 20.Ne2 Bf5 21.Qc4 Nxe2+ 22.Qxe2 Qxe2
23.Bxe2 Bxb2 24.Rxd8+ Rxd8 25.Rd1 Rxd1+ 26.Bxd1 Be6 27.a4 Bd4+ 28.Kf1 Kf8
29.Be2 Ke7 30.Ke1 Bc3+ 31.Kf2 Bb3 32.Ke3 Bxa4 33.Kd3 Bb4 34.Kc4 Bd6 35.Bf2 b5+
36.Kd5 a5 37.Kc6 b4+ 38.Kb6 Bc2 39.Bb5 a4 40.Ka5 a3 41.Bd4 b3 42.Ba4 Ke6
43.Kb5 Be5  0-1

[Event "Cannes op"]
[Site "Cannes"]
[Date "1990.??.??"]
[Round "7"]
[White "Steiner, Darko"]
[Black "Debard, Michel"]
[Result "0-1"]
[WhiteElo "2000"]
[BlackElo "2140"]

1.Nf3 Nf6 2.c4 g6 3.d4 Bg7 4.Nc3 O-O 5.e4 d6 6.Be2 e5 7.Be3 c6 8.h3 Qe7 9.Qc2 exd4
10.Nxd4 Re8 11.Bf3 Nbd7 12.O-O-O Nc5 13.Rhe1 a5 14.g4 a4 15.Bg2 Bd7 16.f4 Nfxe4
17.Bg1 f5 18.Re2 Qf7 19.Nxe4 fxe4 20.f5  0-1

[Event "Cannes op"]
[Site "Cannes"]
[Date "1990.??.??"]
[Round "8"]
[White "Soyer, Jean Yves"]
[Black "Brulhart, K."]
[Result "1-0"]
[WhiteElo "2160"]
[BlackElo "2025"]

1.d4 Nf6 2.c4 g6 3.Nc3 Bg7 4.e4 d6 5.Be2 O-O 6.Nf3 e5 7.Be3 Nc6 8.d5 Ne7
9.Nd2 Nd7 10.b4 f5 11.f3 Nf6 12.c5 f4 13.Bf2 g5 14.Nc4 Ne8 15.Rc1 Ng6 16.g4 fxg3
17.hxg3 Bd7 18.Ne3 Qf6 19.Rh2 a5 20.c6 bxc6 21.dxc6 Be6 22.Ncd5 Qf7 23.b5 Ne7
24.Nxc7 Nxc7 25.Qxd6 Ng6 26.b6 Ne8 27.Qxe6 Qxe6 28.Bc4 Qxc4 29.Rxc4 Nd6 30.Rc2 Ne7
31.Nd5 Bf6 32.Bc5 Nxc6 33.Bxd6 Nd4 34.Bxf8 Nxf3+ 35.Kd1 Nxh2 36.Nxf6+ Kf7
37.Nd7 Rd8 38.Rc7 Ke6 39.b7  1-0

[Event "FRA-NLD"]
[Site "Cannes"]
[Date "1990.??.??"]
[Round "8"]
[White "Kouatly, Bachar"]
[Black "Ree, Hans"]
[Result "1/2-1/2"]
[WhiteElo "2490"]
[BlackElo "2455"]

1.d4 Nf6 2.c4 g6 3.Nc3 Bg7 4.e4 d6 5.Nf3 O-O 6.Be2 e5 7.d5 Nbd7 8.Bg5 h6
9.Bh4 g5 10.Bg3 Nh5 11.Nd2 Nf4 12.O-O Nc5 13.Bg4 Nxe4 14.Ndxe4 f5 15.c5 fxg4
16.cxd6 cxd6 17.Nb5 Bf5 18.Nbxd6 Bxe4 19.Nxe4 Qxd5 20.Qxd5+ Nxd5 21.Rfd1 Nf4
22.Rd7 Rf7 23.Rad1 Rxd7 24.Rxd7 Rc8 25.h3 gxh3 26.gxh3 Rc4 27.Nd6 Rd4 28.Rd8+ Kh7
29.Nxb7 Nxh3+ 30.Kh2 Nf4 31.Rxd4 exd4 32.Bxf4 gxf4 33.Nc5 Kg6 34.f3 Kf5 35.Nd3 Bf8
36.Kh3  1/2-1/2

[Event "JUG-chT Cetinje"]
[Site "Cetinje"]
[Date "1990.??.??"]
[Round "1"]
[White "Ostojic, Nikola"]
[Black "Markovic, Miroslav"]
[Result "0-1"]
[WhiteElo "2235"]
[BlackElo "2275"]

1.d4 Nf6 2.c4 g6 3.Nc3 Bg7 4.e4 d6 5.Be2 O-O 6.Nf3 e5 7.d5 a5 8.Bg5 h6 9.Bh4 Na6
10.Nd2 Qe8 11.O-O Nh7 12.a3 h5 13.f3 Bd7 14.Rb1 a4 15.Nb5 Bh6 16.b4 axb3
17.Bf2 Qe7 18.Nxb3 h4 19.Qc2 b6 20.Qc3 f5 21.exf5 gxf5 22.Kh1 Rf7 23.h3 Bg5
24.Qe1 Nf8 25.a4 Ng6 26.a5 bxa5 27.Ra1 Nb4 28.Rxa5 Rxa5 29.Nxa5 Na6 30.Nc6 Bxc6
31.dxc6 Nf4 32.Nc3 Nb4 33.Nd5 Nbxd5 34.cxd5 Rg7 35.Rg1 Nh5 36.Qb1 Qf6 37.Bd3 Rf7
38.Qb8+ Kh7 39.Qb1 Bf4 40.Ba6 Qg5 41.Qe1 Bg3 42.Qe3 Nf4 43.Rd1 Rf8 44.Bf1 Ra8
45.Bg1 Qg6 46.Qb3 Rg8 47.Qc2 Nh5 48.Be3 Bf4 49.Bxf4 Nxf4 50.Bd3 Nh5 51.Kg1 Ng3
52.Re1 Qg5 53.Qc4 Rg7 54.Qc2 Kh8 55.Bf1 Nh5 56.Bd3 Nf4 57.Bf1 Nxh3+ 58.Kh1 Nf4
59.Qf2 Nh5 60.Ra1 Ng3+ 61.Kg1 h3 62.Ra8+ Kh7 63.Kh2 Nxf1+ 64.Qxf1 Qg3+  0-1

[Event "JUG-chT Cetinje"]
[Site "Cetinje"]
[Date "1990.??.??"]
[Round "5"]
[White "Cebalo, Miso"]
[Black "Todorcevic, Miodrag"]
[Result "1-0"]
[WhiteElo "2525"]
[BlackElo "2550"]

1.d4 g6 2.c4 Bg7 3.e4 d6 4.Nc3 Nd7 5.Nf3 e5 6.Be2 Ngf6 7.O-O O-O 8.Qc2 c6
9.d5 c5 10.a3 Nh5 11.g3 b6 12.Rb1 Qe7 13.b4 Ndf6 14.bxc5 bxc5 15.Nh4 Ng4
16.Ng2 Nh6 17.Bxh5 gxh5 18.Bxh6 Bxh6 19.Nh4 Kh8 20.Nf5 Qf6 21.Rb2 Rg8 22.Rfb1 Bxf5
23.exf5 h4 24.Ne4 Qxf5 25.Nxd6 Qf6 26.Nf5 Raf8 27.Qe4 hxg3 28.hxg3 Rg5 29.Nxh6 Qxh6
30.Qe3 Rfg8 31.Rb8 Qg6 32.Rxg8+ Kxg8 33.Rb8+ Kg7 34.d6 Qh5 35.Kg2 Qg4 36.Qxg5+  1-0

[Event "JUG-chT Cetinje"]
[Site "Cetinje"]
[Date "1990.??.??"]
[Round "5"]
[White "Nutu Gajic, Dana"]
[Black "Csonkics, Tunde"]
[Result "1/2-1/2"]
[WhiteElo "2280"]
[BlackElo "2360"]

1.Nf3 Nf6 2.c4 g6 3.Nc3 Bg7 4.e4 d6 5.d4 O-O 6.Be2 e5 7.Be3 Ng4 8.Bg5 f6
9.Bh4 Nc6 10.d5 Ne7 11.Nd2 Nh6 12.f3 g5 13.Bf2 f5 14.O-O Ng6 15.c5 Nf4 16.Nc4 Rf6
17.Rc1 Rg6 18.cxd6 cxd6 19.Nb5 b6 20.a4 g4 21.fxg4 Nxe2+ 22.Qxe2 Nxg4 23.exf5 Bxf5
24.Bg3 Bh6 25.Rc3 Bc8 26.Nbxd6 Ba6 27.Nf5 Bf8 28.d6 Bxd6 29.Nfxd6 Qxd6 30.Qf3 Qd4+
31.Kh1 Rd8 32.Qf7+ Kh8 33.Re1 Bxc4 34.Rxc4 Qd5 35.Qxd5 Rxd5 36.h3 Rd3 37.Rc3 Rxc3
38.bxc3 Nh6 39.Bxe5+ Kg8 40.Bd4 Kf7 41.a5 bxa5 42.Rf1+ Ke6 43.Ra1 Nf5 44.Bxa7 Ng3+
45.Kh2 Ne4 46.c4 Nd6 47.c5 Nc4 48.Rc1 Kd5 49.Rd1+ Kc6 50.Rc1 Rg7 51.Rxc4 Rxa7  1/2-1/2

[Event "JUG-chT Cetinje"]
[Site "Cetinje"]
[Date "1990.??.??"]
[Round "7"]
[White "Djuric, Stefan"]
[Black "Strikovic, Aleksa"]
[Result "1/2-1/2"]
[WhiteElo "2495"]
[BlackElo "2465"]

1.d4 Nf6 2.c4 g6 3.Nc3 Bg7 4.e4 d6 5.Nf3 O-O 6.Be2 e5 7.d5 a5 8.Nd2 Na6 9.h4 h5
10.Nf1 Nc5 11.Bg5 c6 12.Ng3 Qb6 13.Qd2 a4 14.Rb1 Bg4 15.Bxf6 Bxf6 16.Bxg4 hxg4
17.h5 Qd8 18.Qe2 Qd7 19.Qe3 Qe7 20.Qe2 Qd7  1/2-1/2

[Event "JUG-chT Cetinje"]
[Site "Cetinje"]
[Date "1990.??.??"]
[Round "7"]
[White "Kozul, Zdenko"]
[Black "Mohr, Georg"]
[Result "1-0"]
[WhiteElo "2575"]
[BlackElo "2450"]

1.d4 Nf6 2.Nf3 g6 3.c4 Bg7 4.Nc3 O-O 5.e4 d6 6.Be2 e5 7.O-O Na6 8.Re1 Qe8
9.Bf1 Bg4 10.d5 Nh5 11.h3 Bxf3 12.Qxf3 f5 13.Qd1 Qf7 14.Rb1 Nc5 15.b4 Nxe4
16.Nxe4 fxe4 17.Qc2 Kh8 18.Rb3 c6 19.Rd1 cxd5 20.Rxd5 Rfd8 21.Rd1 Rac8 22.Qxe4 Nf4
23.Rf3 Qd7 24.Ra3 b5 25.c5 d5 26.Qf3 Ne6 27.Qg4 Rb8 28.Bb2 d4 29.g3 Qf7 30.Bd3 Rf8
31.Rf1 Nd8 32.Ra6 Qd5 33.Rc1 Nf7 34.Rxa7 Ng5 35.Qxg5 Qf3 36.Rf1 Qxd3 37.Rxg7 Kxg7
38.Qxe5+ Kf7 39.Bxd4 Qf3 40.Re1  1-0